Distribución del ingreso con crecimiento es posible / (Registro nro. 8496)

Detalles MARC
000 -LEADER
fixed length control field 03218nam a2200289Ia 4500
003 - CONTROL NUMBER IDENTIFIER
control field OSt
005 - DATE AND TIME OF LATEST TRANSACTION
control field 20210906165851.0
008 - FIXED-LENGTH DATA ELEMENTS--GENERAL INFORMATION
fixed length control field 210310s2014 ck fr 000 0dspa d
020 ## - INTERNATIONAL STANDARD BOOK NUMBER
International Standard Book Number 9789588726205
040 ## - CATALOGING SOURCE
Original cataloging agency CO-JMCR
Transcribing agency CO-JMCR
041 0# - LANGUAGE CODE
Language code of text/sound track or separate title spa
082 04 - DEWEY DECIMAL CLASSIFICATION NUMBER
Classification number 338.99861 /
Item number S246d
Edition number 23
100 1# - MAIN ENTRY--PERSONAL NAME
Personal name Sarmiento Palacio, Eduardo,
9 (RLIN) 17440
Relator term autor
245 10 - TITLE STATEMENT
Title Distribución del ingreso con crecimiento es posible /
Statement of responsibility, etc. Eduardo Sarmiento Palacio
250 ## - EDITION STATEMENT
Edition statement Primera edición
260 ## - PUBLICATION, DISTRIBUTION, ETC.
Place of publication, distribution, etc. Bogotá :
Name of publisher, distributor, etc. Escuela Colombiana de Ingeniería Julio Garavito,
Date of publication, distribution, etc. 2014
300 ## - PHYSICAL DESCRIPTION
Extent 606 páginas :
Other physical details Ilustraciones y gráficas a blanco y negro ;
Dimensions 23 cm.
490 0# - SERIES STATEMENT
Series statement Economía
500 ## - GENERAL NOTE
General note Incluye notas a pie de página y datos biográficos del autor.
504 ## - BIBLIOGRAPHY, ETC. NOTE
Bibliography, etc. note Bibliografía. páginas 599-606
505 0# - FORMATTED CONTENTS NOTE
Formatted contents note Estabilidad -- Crecimiento -- Crecimiento y estabilidad -- Pobreza y equidad -- Obstáculos a la equidad -- Nuevas visiones teóricas -- Proposiciones y reformas centrales
520 3# - SUMMARY, ETC.
Summary, etc. Las causas de la distribución del ingreso y su relación con el crecimiento económico las ha ocultado el idealismo de las teorías clásicas y neoclásicas, fundamentadas en supuestos de equilibrio que las apartan de la realidad y llevan a soluciones perfectas. Según la teoría de crecimiento construida por los economistas más reconocidos del siglo XX, en condiciones de funcionamiento perfecto del mercado la competencia lleva a la solución de máximo consumo y producción, y no afecta la distribución del ingreso. Es decir, las economías que avanzan por debajo de su potencial y con ampliación de las desigualdades serían la excepción.<br/>En esta obra, Eduardo Sarmiento asegura que la realidad es muy distinta. La discrepancia se origina en las teorías de ahorro que suponen que éste es altamente sensible a la tasa de interés y se iguala con la inversión, en las teorías de comercio internacional que establecen que los países se especializan en las actividades de ventaja comparativa y en las teorías sectoriales que indican que todos los sectores contribuyen igual en el margen.<br/>La solución consistió en deprimir los salarios por debajo de la productividad para subir las utilidades empresariales y aumentar el ahorro. El crecimiento económico se elevó, a cambio de reducir la participación del trabajo en el PIB y desmejorar la distribución del ingreso. Parte de la tarea proviene del libre comercio, que presiona el salario por debajo de la productividad. El resto de la represión corre por cuenta de los ajustes del salario mínimo, las prácticas monopólicas que ponen los precios por encima de los costos marginales, las burbujas financieras y los mayores gravámenes al trabajo que al capital.<br/>La solución de fondo a la distribución del ingreso sólo se logra con una estrategia conjunta, que opere sobre las causales en forma simultánea. El expediente, que se construye a lo largo de la obra, configura el hilo conductor para que la distribución del ingreso con crecimiento sea posible.
650 14 - SUBJECT ADDED ENTRY--TOPICAL TERM
Topical term or geographic name entry element Distribución del ingreso
9 (RLIN) 17442
Geographic subdivision Colombia
650 24 - SUBJECT ADDED ENTRY--TOPICAL TERM
Topical term or geographic name entry element Desarrollo económico
Geographic subdivision Colombia
9 (RLIN) 6913
650 24 - SUBJECT ADDED ENTRY--TOPICAL TERM
Topical term or geographic name entry element Estabilidad económica
Geographic subdivision Colombia
9 (RLIN) 40053
942 ## - ADDED ENTRY ELEMENTS (KOHA)
Source of classification or shelving scheme Dewey Decimal Classification
Koha item type Books
Existencias
Withdrawn status Lost status Source of classification or shelving scheme Damaged status Not for loan Collection code Home library Current library Date acquired Source of acquisition Full call number Barcode Date last seen Copy number Koha item type Total Checkouts Price effective from
    Dewey Decimal Classification     Non-fiction Biblioteca Pública José María del Castillo y Rada Biblioteca Pública José María del Castillo y Rada 04/15/2018 Donación 338.99861 / S246d 430000855 05/16/2024 Ej.1 Books    
    Dewey Decimal Classification     Non-fiction Biblioteca Pública José María del Castillo y Rada Biblioteca Pública José María del Castillo y Rada 04/15/2018 Donación 338.99861 / S246d 430000854 05/16/2024 Ej.2 Books   09/06/2021